[Event "Groningen op"]
[Site "Groningen"]
[Date "1997.??.??"]
[Round "8"]
[White "Van den Doel, Erik"]
[Black "Istratescu, Andrei"]
[Result "1/2-1/2"]
[WhiteElo "2440"]
[BlackElo "2550"]

1.e4 c5 2.Nf3 d6 3.Bb5+ Bd7 4.Bxd7+ Qxd7 5.c4 Nc6 6.O-O g6 7.d4 cxd4 8.Nxd4 Bg7
9.Be3 Nf6 10.f3 O-O 11.Nc3 Rac8 12.Nde2 Rfd8 13.Qd2 b6 14.Rac1 Qb7 15.Rfd1 e6
16.b3 a6 17.a4 Nd7 18.Bg5 f6 19.Be3 Nc5 20.Rb1 Ne5 21.Qa2 Qe7 22.Kh1 f5 23.exf5 gxf5
24.Bd4 Qh4 25.b4 Ncd3 26.c5 dxc5 27.bxc5 bxc5 28.Qxe6+ Kh8 29.Rxd3 Nxd3 30.Bxg7+ Kxg7
31.Ng3 Kh8 32.Nxf5 Qg5 33.Nd6 Qxg2+ 34.Kxg2 Nf4+ 35.Kh1 Nxe6 36.Nxc8 Rxc8
37.Rb6 Nd4 38.Rxa6 Nxf3 39.Rf6 Nd4 40.a5 Rc6 41.Rxc6 Nxc6 42.a6 Kg7 43.Kg2 Kf6
44.Nb5 c4 45.Kf2 Ke5 46.Ke2 Ke4 47.a7 Nxa7 48.Nxa7 c3 49.Nb5 c2 50.Nc3+ Kf4
51.Na2 Kg4 52.Kf2 Kh3 53.Kg1 Kh4 54.Kg2 Kg4 55.h3+ Kh4 56.Kh2 Kh5 57.Kg3 Kg5
58.Nc1 Kh5 59.h4 Kh6 60.Ne2 Kh5 61.Kh3 Kg6 62.Kg4 Kh6 63.h5 Kg7 64.Kg5 Kf7
65.Nc1 Kg7 66.Nd3 Kf7  1/2-1/2

[Event "Hamburg ch"]
[Site "Hamburg"]
[Date "1997.??.??"]
[Round "2"]
[White "Kroencke, Manfred"]
[Black "Heinemann, Thies"]
[Result "1-0"]
[WhiteElo "2185"]
[BlackElo "2425"]

1.e4 c5 2.Nf3 d6 3.Bb5+ Nc6 4.O-O Bd7 5.c3 a6 6.Bxc6 Bxc6 7.Re1 Nf6 8.d4 Bxe4
9.Bg5 Bc6 10.Nbd2 e6 11.c4 cxd4 12.Nxd4 Be7 13.Nxc6 bxc6 14.Qa4 Qd7 15.Rad1 c5
16.Qc2 O-O 17.Re3 h6 18.Bxf6 Bxf6 19.Ne4 Bd4 20.Rxd4 cxd4 21.Nf6+ gxf6 22.Rg3+ Kh8
23.Qd2 Kh7 24.Rh3 Kg6 25.Qxh6+ Kf5 26.Rf3+ Ke4 27.Qf4+  1-0

[Event "SWE-ch"]
[Site "Haninge"]
[Date "1997.??.??"]
[Round "10"]
[White "Engqvist, Thomas"]
[Black "Agrest, Evgenij"]
[Result "1-0"]
[WhiteElo "2345"]
[BlackElo "2460"]

1.e4 c5 2.Nf3 d6 3.Bb5+ Nd7 4.d4 Nf6 5.Nc3 cxd4 6.Qxd4 e5 7.Qd3 h6 8.O-O Be7
9.Be3 O-O 10.a4 Qc7 11.Nd2 Nc5 12.Qe2 Be6 13.Bc4 a6 14.Bxe6 fxe6 15.Qc4 Qc6
16.Bxc5 dxc5 17.Nf3 Nd7 18.a5 Rf6 19.Rfd1 Kh8 20.Qa4 Qxa4 21.Nxa4 Rd8 22.Rd2 Rff8
23.Rad1 Nf6 24.Nxe5 Kh7 25.Rxd8 Bxd8 26.Nc4 Nxe4 27.f3 Ng5 28.Nxc5 Be7 29.Nxb7 Bf6
30.c3 Rc8 31.Nb6 Rc6 32.Rd6 Rxd6 33.Nxd6 Be7 34.Nb7 Nf7 35.Nd7 Bg5 36.Ndc5 Bc1
37.b4 Ne5 38.Kf1 Bd2 39.Ne4 Be3 40.Nbc5 Nc4 41.Ke2 Bg1 42.h3 e5 43.Kd3 Ne3
44.Nxa6 Nxg2 45.Nac5 Ne3 46.c4  1-0

[Event "SWE-ch qualA"]
[Site "Haninge"]
[Date "1997.??.??"]
[Round "10"]
[White "Lindgren, Fredrik"]
[Black "Sunehag, Peter"]
[Result "0-1"]
[WhiteElo "2200"]
[BlackElo "2175"]

1.e4 c5 2.Nf3 d6 3.Bb5+ Nd7 4.O-O Nf6 5.Re1 e6 6.c3 a6 7.Bf1 Be7 8.d4 d5
9.exd5 Nxd5 10.c4 N5b6 11.Nc3 Nf6 12.a4 cxd4 13.Nxd4 Qc7 14.a5 Nbd7 15.Qf3 O-O
16.Nf5 Bb4 17.Bf4 Qc6 18.Nd5 exd5 19.Nd4 Qc5 20.Nf5 Bxe1 21.Rxe1 Ne4 22.Re3 Ndf6
23.Bd6 Nxd6 24.Nh6+ Kh8 25.Bd3 Nde4  0-1

[Event "Heart of Finland op"]
[Site "?"]
[Date "1997.??.??"]
[Round "7"]
[White "Vaatainen, Timo"]
[Black "Simola, Tuomas"]
[Result "1-0"]
[WhiteElo "2245"]
[BlackElo "2085"]

1.e4 c5 2.Nf3 d6 3.Bb5+ Nc6 4.O-O Bd7 5.Re1 Nf6 6.c3 a6 7.Bf1 Bg4 8.d3 e6
9.Bg5 Be7 10.Nbd2 O-O 11.Qc2 Rc8 12.h3 Bh5 13.g4 Bg6 14.Nh4 Nd7 15.Bxe7 Qxe7
16.Ndf3 Nde5 17.Bg2 h6 18.Qe2 Bh7 19.Qe3 Qf6 20.Nxe5 Nxe5 21.Nf3 Nxf3+ 22.Bxf3 Rc7
23.Rad1 Rfc8 24.d4 cxd4 25.Rxd4 Rd8 26.Red1 Qe5 27.Bg2 Rcd7 28.f4 Qa5 29.a3 Qb6
30.Qf2 Kh8 31.e5 d5 32.c4 Rc7 33.cxd5 exd5 34.f5 Rdc8 35.Rxd5  1-0

[Event "Heart of Finland op"]
[Site "?"]
[Date "1997.??.??"]
[Round "8"]
[White "Zaitsev, Igor A"]
[Black "Keskisarja, Teemu"]
[Result "1-0"]
[WhiteElo "2450"]
[BlackElo "2315"]

1.e4 c5 2.Nf3 d6 3.Bb5+ Bd7 4.Bxd7+ Qxd7 5.O-O Nc6 6.c3 Nf6 7.Re1 e6 8.d4 cxd4
9.cxd4 d5 10.e5 Ne4 11.Nbd2 Nxd2 12.Bxd2 Be7 13.Rc1 O-O 14.Rc3 Rac8 15.a3 Rc7
16.Rd3 Rfc8 17.h4 h6 18.Nh2 Bf8 19.Ng4 Qd8 20.Rg3 Kh8 21.Nf6 Nxd4 22.Bxh6 Nf5
23.Qh5  1-0

[Event "FIN-ch"]
[Site "Helsinki"]
[Date "1997.??.??"]
[Round "3"]
[White "Vaatainen, Timo"]
[Black "Pyhala, Antti"]
[Result "1/2-1/2"]
[WhiteElo "2245"]
[BlackElo "2315"]

1.e4 c5 2.Nf3 d6 3.Bb5+ Bd7 4.Bxd7+ Nxd7 5.O-O Ngf6 6.Re1 e6 7.d3 Be7 8.a4 O-O
9.c3 Rc8 10.Bg5 h6 11.Be3 Ng4 12.d4 cxd4 13.cxd4 d5 14.exd5 exd5 15.Nc3 Nb6
16.Ne5 Nf6 17.a5 Nc4 18.a6 b6 19.Nb5 Qe8 20.Qb3 Nxe5 21.dxe5 Ng4 22.Nxa7 Rc4
23.Rec1 Qd7 24.Rxc4 dxc4 25.Qd1 Qe6 26.Nb5 Nxe3 27.fxe3 Qxe5 28.a7 Qxb5 29.a8=Q Rxa8
30.Rxa8+ Kh7 31.Qf3 f5 32.g4 Bf6 33.Rc8 Bxb2 34.gxf5 Bf6 35.Qg4 Qb1+ 36.Kf2 Bg5
37.Qxc4 Qxf5+ 38.Ke2 Qe5 39.Qg8+ Kg6 40.Rc6+ Kh5 41.Qe6 Qxh2+ 42.Kd3 b5 43.Qg6+ Kh4
44.Qe4+ Kg3 45.Qe5+ Kh3 46.Qf5+ Kh4 47.Qxb5 Qh1 48.Rc4+ Kh5 49.Qe8+ g6 50.Qf7 Qd1+
51.Ke4 Qh1+ 52.Ke5 Qa1+ 53.Ke4 Qa8+ 54.Kd3 Qa3+ 55.Rc3 Qd6+ 56.Ke2 Bf6 57.Rc4 Qh2+
58.Kd3 Qd6+ 59.Ke2 Qh2+ 60.Kd3 Qd6+  1/2-1/2

[Event "Helsinki We Ilves"]
[Site "Helsinki"]
[Date "1997.??.??"]
[Round "5"]
[White "Vaatainen, Timo"]
[Black "Veingold, Aleksandr"]
[Result "0-1"]
[WhiteElo "2245"]
[BlackElo "2460"]

1.e4 c5 2.Nf3 d6 3.Bb5+ Nc6 4.O-O Bd7 5.Re1 Nf6 6.c3 a6 7.Ba4 c4 8.Bc2 e5
9.b3 b5 10.h3 Be7 11.Na3 Na5 12.d4 Qc7 13.Bb2 O-O 14.Bb1 Rfe8 15.b4 Nb7 16.Nc2 Bf8
17.d5 g6 18.Bc1 Bg7 19.Ne3 a5 20.Ba3 axb4 21.Bxb4 Nc5 22.Nd2 Nh5 23.Bc2 Nf4
24.a4 Ncd3 25.Bxd3 Nxd3 26.Re2 Nb2 27.Qc2 Nxa4 28.Ree1 Nc5 29.Bxc5 Qxc5 30.Qb2 Bh6
31.Ndf1 f5 32.Nc2 fxe4 33.Nb4 Rxa1 34.Qxa1 Rf8 35.Ne3 Bc8 36.Nbc2 Bb7 37.Qd1 Rf4
38.Qd2 Rf8 39.Ra1 Bg5 40.Nb4 Bh4 41.Rf1 Bc8 42.Nbc2 Bd7 43.Qe2 h5 44.Qd2 Kg7
45.Kh2 Qc8 46.Ne1 Bg5 47.Rh1 Bf4+ 48.Kg1 Qa6 49.N1c2 Qa2  0-1

[Event "Herlev op"]
[Site "Herlev"]
[Date "1997.??.??"]
[Round "2"]
[White "Larsen, Karsten"]
[Black "Petersen, Steen"]
[Result "1-0"]
[WhiteElo "2175"]
[BlackElo "2140"]

1.e4 c5 2.Nf3 d6 3.Bb5+ Nd7 4.O-O Nf6 5.Re1 a6 6.Bf1 b6 7.d3 e5 8.Nbd2 Be7
9.g3 O-O 10.Bg2 Bb7 11.c4 Ne8 12.Nf1 g6 13.Bh6 Ng7 14.Qd2 Nb8 15.Ne3 Qd7
16.Rab1 a5 17.h4 f6 18.Kh2 Rf7 19.Bh3 Qd8 20.Bxg7 Rxg7 21.Be6+ Kh8 22.h5 Bc8
23.Bxc8 Qxc8 24.hxg6 hxg6 25.Kg2 Kg8 26.Nd5 Bd8 27.Rh1 g5 28.Rh6 Kf7 29.Rbh1 Nc6
30.Rh8 Qb7 31.a4 Ne7 32.Qd1 Ng6 33.R8h6 Qd7 34.Nh2 f5 35.Qh5 f4 36.Ng4 Qe8
37.Rh7 Qf8 38.Nh6+ Ke8 39.Nf5 Raa7 40.Rxg7 Rxg7 41.Nxg7+ Qxg7 42.Qg4 Qd7
43.Qxd7+ Kxd7 44.Rh7+ Kc6 45.Rf7 g4 46.Kg1 fxg3 47.fxg3 Bg5 48.Rc7+  1-0

[Event "HUN-chT2 9798"]
[Site "HUN"]
[Date "1997.??.??"]
[Round "?"]
[White "Lenart, Endre"]
[Black "Szabo, Zsolt Jozsef"]
[Result "1-0"]
[WhiteElo "2240"]
[BlackElo "2355"]

1.e4 c5 2.Nf3 d6 3.Bb5+ Bd7 4.Bxd7+ Qxd7 5.d4 cxd4 6.Nxd4 Nf6 7.Nc3 g6 8.O-O Bg7
9.Bg5 Nc6 10.Nxc6 bxc6 11.Re1 Qb7 12.Rb1 O-O 13.h3 Qc7 14.Qd2 Rfe8 15.f4 Nd7
16.Nd1 Rab8 17.b3 Nc5 18.Nf2 Ne6 19.Bh4 Nd4 20.Nd3 c5 21.c3 Nc6 22.Bf2 Qa5
23.b4 cxb4 24.cxb4 Qa4 25.e5 dxe5 26.Nc5 Qb5 27.a4 Qc4 28.Re4 Nd4 29.fxe5 Qc2
30.Qxc2 Nxc2 31.Rb2 Na3 32.Rb3 Nc2 33.Rc4 Na1 34.Rb1 Bxe5 35.Nd7 Bg7 36.Nxb8 Rxb8
37.Bxa7 Ra8 38.b5  1-0

[Event "HUN-chT2 9798"]
[Site "HUN"]
[Date "1997.??.??"]
[Round "?"]
[White "Varga, Csaba"]
[Black "Bokros, Istvan"]
[Result "0-1"]
[WhiteElo "2175"]
[BlackElo "2145"]

1.e4 c5 2.Nf3 d6 3.Bb5+ Nd7 4.d4 cxd4 5.Nxd4 Nf6 6.Nc3 a6 7.Be2 e6 8.Be3 b5
9.a3 Bb7 10.f3 Rc8 11.O-O Be7 12.Qd2 Ne5 13.b3 Qc7 14.Nd1 d5 15.exd5 Nxd5
16.Bf2 O-O 17.Re1 Rfd8 18.g3 Nf6 19.f4 Rxd4 20.Bxd4 Qc6 21.Kf2 Ne4+  0-1

[Event "HUN-chT2 9798"]
[Site "HUN"]
[Date "1997.??.??"]
[Round "?"]
[White "Horvath, Imre"]
[Black "Szekely, Csaba"]
[Result "1-0"]
[WhiteElo "2340"]
[BlackElo "2250"]

1.Nf3 c5 2.e4 d6 3.Bb5+ Nd7 4.d4 cxd4 5.Qxd4 a6 6.Bxd7+ Qxd7 7.O-O e5 8.Qd3 Nf6
9.Bg5 b5 10.Bxf6 gxf6 11.Nc3 Be7 12.Nd5 Bd8 13.Nh4 Qg4 14.g3 Rg8 15.Kh1 f5
16.Nxf5 Bxf5 17.exf5 Rc8 18.f4 Rc4 19.Ne3  1-0

[Event "HUN-chT2 9798"]
[Site "HUN"]
[Date "1997.??.??"]
[Round "?"]
[White "Sarkadi, Laszlo"]
[Black "Arato, Bela"]
[Result "0-1"]
[WhiteElo "2085"]
[BlackElo "2085"]

1.e4 c5 2.Nf3 d6 3.Bb5+ Bd7 4.Bxd7+ Qxd7 5.O-O Nc6 6.c3 Nf6 7.Qe2 g6 8.d4 cxd4
9.cxd4 Bg7 10.Rd1 d5 11.e5 Ne4 12.Nbd2 Nxd2 13.Bxd2 O-O 14.Bf4 Rac8 15.Rac1 Nb4
16.a3 Nc6 17.b4 Nb8 18.Ng5 e6 19.Qe3 Rxc1 20.Rxc1 Rc8 21.Rd1 Qa4 22.Rf1 h6
23.Nf3 g5 24.Bg3 Qc2 25.Ne1 Qc3 26.Nd3 Rc4 27.Nc5 b6 28.Nb7 Qxd4 29.Nd6 Qxe3
30.fxe3 Rc7 31.Ne8 Rc8 32.Nf6+ Bxf6 33.exf6 Nd7 34.Bd6 Kh7 35.Be7 Kg6 36.g3 Rc3
37.h4 Rxe3 38.Kg2 Rxa3 39.Kh3 gxh4 40.Kxh4 Rc3 41.Ra1 a5 42.bxa5 bxa5 43.Rxa5 Nxf6
44.Ra8 Rd3 45.g4 Rd4 46.Kh3 Re4 47.Rh8 Nxg4 48.Rg8+ Kf5 49.Rg7 f6  0-1

[Event "HUN-chT 9798"]
[Site "Hungary"]
[Date "1997.??.??"]
[Round "?"]
[White "Dely, Peter"]
[Black "Vegh, Endre"]
[Result "1/2-1/2"]
[WhiteElo "2410"]
[BlackElo "2330"]

1.e4 c5 2.Nf3 d6 3.Bb5+ Bd7 4.Bxd7+ Qxd7 5.O-O Nc6 6.c3 Nf6 7.Re1 e6 8.d4 cxd4
9.cxd4 d5 10.e5 Ne4 11.Nbd2 Nxd2 12.Bxd2 Be7 13.Bg5 Bb4 14.Bd2 Be7 15.Bg5 Bb4
16.Nd2  1/2-1/2

[Event "Isle of Man op"]
[Site "Isle of Man"]
[Date "1997.??.??"]
[Round "5"]
[White "Van den Doel, Erik"]
[Black "Ward, Christopher"]
[Result "0-1"]
[WhiteElo "2440"]
[BlackElo "2485"]

1.e4 c5 2.Nf3 d6 3.Bb5+ Bd7 4.Bxd7+ Qxd7 5.c4 Nc6 6.O-O Ne5 7.d3 g6 8.Nc3 Nxf3+
9.Qxf3 Bg7 10.Be3 Rc8 11.Qe2 Nf6 12.f4 Ng4 13.Bd2 f5 14.exf5 gxf5 15.Nd5 e6
16.h3 Bd4+ 17.Kh1 h5 18.Nc3 Rh6 19.Rab1 a6 20.b4 cxb4 21.Rxb4 Qc6 22.Nd1 Rc7
23.Qf3 Qxf3 24.Rxf3 Nf6 25.Be3 Bxe3 26.Rxe3 Kd7 27.Nc3 h4 28.Rb6 Nh5 29.Ne2 Rg6
30.Kg1 Rg8 31.Kf2 Rb8 32.Kf3 Rg8 33.c5 Rxc5 34.Rxb7+ Kc6 35.Rf7 Kd5 36.Rh7 Ng3
37.Rxh4 Nf1 38.d4 Nxe3 39.dxc5 Nxg2 40.Rh6 Ne1+ 41.Ke3 dxc5 42.Rh7 Nc2+ 43.Kf2 Nd4
44.Ng3 Rb8 45.h4 Rb2+ 46.Ke3 Rxa2 47.h5 Ra3+ 48.Kf2 Rf3+ 49.Kg2 Rxf4  0-1

[Event "Isle of Man op"]
[Site "Isle of Man"]
[Date "1997.??.??"]
[Round "5"]
[White "Rausis, Igors"]
[Black "Sindik, Ervin"]
[Result "1-0"]
[WhiteElo "2490"]
[BlackElo "2355"]

1.e4 c5 2.Nf3 d6 3.Bb5+ Bd7 4.Bxd7+ Qxd7 5.O-O Nc6 6.c3 Nf6 7.Re1 e6 8.d4 cxd4
9.cxd4 d5 10.e5 Ne4 11.Nbd2 Nxd2 12.Bxd2 Be7 13.Rc1 O-O 14.Rc3 Rfc8 15.a3 Rc7
16.Rd3 Rac8 17.h4 Qd8 18.Ng5 h6 19.Nh3 Kh8 20.Nf4 Bf8 21.Qg4 Ne7 22.Bb4 Rc1
23.Rxc1 Rxc1+ 24.Kh2 Rc2 25.Rf3 Rxb2 26.Nd3 Rxb4 27.axb4 Nf5 28.h5 Qb6 29.Qf4 Nxd4
30.Qxf7 Nxf3+ 31.gxf3 Qd8 32.Qxe6 d4 33.Qf7 Qe7 34.Qf4 Qd8 35.Qe4 b6 36.b5 Qe8
37.Nf4 Bc5 38.Ng6+ Kg8 39.Qd5+ Kh7 40.Qe4 Kg8 41.Qd5+ Kh7 42.f4 Qc8 43.e6 Qe8
44.Kg2 Be7 45.Nxe7 Qxe7 46.Qd7 Qf8 47.e7 Qa8+ 48.f3  1-0

[Event "Italy op"]
[Site "Italy"]
[Date "1997.??.??"]
[Round "4"]
[White "Sibilio, Mario"]
[Black "Quimi, Marco"]
[Result "1-0"]
[WhiteElo "2320"]
[BlackElo "2245"]

1.e4 c5 2.Nf3 d6 3.Bb5+ Nd7 4.a4 Nf6 5.Nc3 g6 6.d4 cxd4 7.Qxd4 Bg7 8.e5 dxe5
9.Qh4 O-O 10.O-O a6 11.Bc4 e6 12.Bg5 Qc7 13.Rfe1 b6 14.Bb3 Bb7 15.Nxe5 h6
16.Nxg6 fxg6 17.Rxe6 Kh7 18.Bxh6 Nh5 19.Bxg7 Kxg7 20.Rae1 Rf6 21.Re7+ Kh6
22.g4 Qf4 23.Rxd7 Bc6 24.Rd4 Qf3 25.Bd5 Bxd5 26.Nxd5 Rd6 27.Rd3  1-0

[Event "Italy op"]
[Site "Italy"]
[Date "1997.??.??"]
[Round "6"]
[White "Bellincampi, Stefano"]
[Black "Quimi, Marco"]
[Result "0-1"]
[WhiteElo "2070"]
[BlackElo "2245"]

1.e4 c5 2.Nf3 d6 3.Bb5+ Nd7 4.d4 cxd4 5.Qxd4 Nf6 6.Nc3 g6 7.e5 dxe5 8.Nxe5 Bg7
9.Nxd7 Bxd7 10.Bxd7+ Qxd7 11.Qxd7+ Nxd7 12.Bd2 O-O 13.O-O-O Nb6 14.Rhe1 e6
15.Ne4 Nd5 16.Kb1 Rfc8 17.Re2 Rc6 18.Bc1 Rac8 19.Ng5 Nc3+ 20.bxc3 Rb6+ 21.Bb2 Bxc3
22.Rd7 Rxb2+ 23.Kc1 Rxa2  0-1

[Event "World Cities"]
[Site "Jakarta "]
[Date "1997.??.??"]
[Round "1"]
[White "Bancod, Ronald"]
[Black "Khegai, Angela"]
[Result "1-0"]
[WhiteElo "2405"]
[BlackElo "2235"]

1.e4 c5 2.Nf3 d6 3.Bb5+ Bd7 4.Bxd7+ Qxd7 5.O-O Nc6 6.c3 Nf6 7.d4 cxd4 8.cxd4 d5
9.e5 Ne4 10.Ne1 f6 11.f3 Ng5 12.Nd3 Nf7 13.Be3 Rc8 14.f4 f5 15.Nc3 Nb4  1-0

[Event "World Cities"]
[Site "Jakarta "]
[Date "1997.??.??"]
[Round "2"]
[White "Long, J."]
[Black "Foo Hsiang Ming"]
[Result "0-1"]
[WhiteElo "2060"]
[BlackElo "2190"]

1.e4 c5 2.Nf3 d6 3.Bb5+ Bd7 4.Bxd7+ Qxd7 5.O-O Nc6 6.c3 Nf6 7.Qe2 e6 8.d4 cxd4
9.cxd4 d5 10.e5 Ne4 11.Be3 Be7 12.Rd1 O-O 13.Ne1 h6 14.f3 Ng5 15.Nc3 Rfc8
16.Nc2 Na5 17.Bf2 b5 18.Nxb5 Rxc2 19.Qxc2 Qxb5 20.b3 Nh7 21.Rd3 Nf8 22.Rc3 Bd8
23.Rc1 Bb6 24.Rc8 Rxc8 25.Qxc8 Qd3 26.Qc2 Qxc2 27.Rxc2 Ng6 28.Be3 Nxe5 29.dxe5 Bxe3+
30.Kf1 g5 31.Ke2 Bd4 32.Rc7 Bb6 33.Rc2 Kf8 34.Rc8+ Ke7 35.Rh8 Nc6 36.Rxh6 Nxe5
37.h4 gxh4 38.Rxh4 Kd6 39.Kd2 Ng6 40.Rg4 e5 41.b4 Nf4 42.Rg8 Ke6 43.g4  0-1

[Event "World Cities"]
[Site "Jakarta "]
[Date "1997.??.??"]
[Round "2"]
[White "Aung Thant Zin"]
[Black "Lim, Yee Weng"]
[Result "1-0"]
[WhiteElo "2245"]
[BlackElo "2150"]

1.e4 c5 2.Nf3 d6 3.Bb5+ Bd7 4.Bxd7+ Qxd7 5.O-O Nc6 6.c3 Nf6 7.Re1 e6 8.d4 cxd4
9.cxd4 d5 10.e5 Ne4 11.Nbd2 Nxd2 12.Bxd2 Be7 13.Rc1 O-O 14.h4 f6 15.exf6 Bxf6
16.Bg5 h6 17.Be3 Rae8 18.Qd2 Qf7 19.b4 Be7 20.b5 Bb4 21.Qb2 Bxe1 22.bxc6 Ba5
23.Ne5 Qe7 24.Ng6 Qd6 25.Nxf8 Rxf8 26.cxb7 Bc7 27.g3 Rf3 28.Rxc7 Rxg3+ 29.Kf1 Qa6+
30.Qe2 Rg1+ 31.Kxg1 Qxe2 32.b8=Q+  1-0

[Event "World Cities"]
[Site "Jakarta "]
[Date "1997.??.??"]
[Round "3"]
[White "Bancod, Ronald"]
[Black "Savchenko, Stanislav"]
[Result "0-1"]
[WhiteElo "2405"]
[BlackElo "2565"]

1.e4 c5 2.Nf3 d6 3.Bb5+ Bd7 4.Bxd7+ Nxd7 5.O-O Ngf6 6.Qe2 e6 7.c3 Be7 8.d4 cxd4
9.cxd4 d5 10.e5 Ne4 11.Ne1 Qb6 12.Be3 f6 13.Nd3 O-O 14.f3 Ng5 15.Nd2 fxe5
16.dxe5 Qa6 17.Rae1 Rac8 18.f4 Nf7 19.Nf3 Nh6 20.Kh1 Nc5 21.Nxc5 Qxe2 22.Rxe2 Bxc5
23.Bxc5 Rxc5 24.Nd4 Rxf4 25.Nf3 Nf5 26.g3 Rxf3 27.Rxf3 Nd4 28.Rff2 Nxe2 29.Rxe2 Kf7
30.Kg2 Kg6 31.Kf3 Rc4 32.b3 Rc3+ 33.Kf4 Kh5 34.g4+ Kh4 35.g5 g6 36.Rd2 h6
37.Rg2 hxg5+  0-1

[Event "World Cities"]
[Site "Jakarta "]
[Date "1997.??.??"]
[Round "5"]
[White "Aung Thant Zin"]
[Black "Zagrebelny, Sergey"]
[Result "0-1"]
[WhiteElo "2245"]
[BlackElo "2475"]

1.e4 c5 2.Nf3 d6 3.Bb5+ Bd7 4.Bxd7+ Qxd7 5.O-O Nc6 6.c3 Nf6 7.Re1 e6 8.d4 cxd4
9.cxd4 d5 10.e5 Ne4 11.Nbd2 Nxd2 12.Bxd2 Be7 13.Bc3 O-O 14.Qd3 Rac8 15.Re3 a6
16.h4 h6 17.g4 f5 18.exf6 Rxf6 19.g5 hxg5 20.Nxg5 Rh6 21.Rae1 Nd8 22.Qe2 Rxh4
23.Nxe6 Nxe6 24.Rxe6 Bf6 25.Re8+ Kf7 26.Qe6+ Qxe6 27.R8xe6 Rd8 28.Kg2 Rd7
29.Kg3 Rh6 30.Re8 Bh4+ 31.Kg2 Rg6+ 32.Kf1 Rf6 33.R8e2 Rf4 34.Kg2 Rd6 35.Rd1 Rg6+
36.Kf1 Rgf6 37.Be1 Rc6 38.Rd3 Bf6 39.Bc3 b5 40.a3 Rc4 41.Red2 Ke6 42.Kg2 Re4
43.f3 Rf4 44.Kg3 Rf5 45.Re2+ Kf7 46.f4 Rh5 47.Rh2 Rxh2 48.Kxh2 Kg6 49.b3 Rc8
50.Re3 Kf5 51.Kg3 Rh8 52.a4 Rh4 53.axb5 axb5 54.Re8 Rg4+ 55.Kh2 Rxf4 56.Rb8 Rf3
57.Ba1 Rxb3  0-1

[Event "World Cities"]
[Site "Jakarta "]
[Date "1997.??.??"]
[Round "5"]
[White "Bancod, Ronald"]
[Black "Kasmiran"]
[Result "0-1"]
[WhiteElo "2405"]
[BlackElo "2330"]

1.e4 c5 2.Nf3 d6 3.Bb5+ Nd7 4.O-O a6 5.Bxd7+ Bxd7 6.d4 e6 7.c4 cxd4 8.Qxd4 Nf6
9.Nc3 Qc7 10.a4 Be7 11.b3 O-O 12.Ba3 Rfc8 13.Rac1 Be8 14.Rfe1 Nd7 15.Qe3 Nc5
16.Nd2 b6 17.Bb2 Bf6 18.Qg3 Kh8 19.Re3 Qe7 20.Qg4 Bd7 21.Rg3 g6 22.Re1 Kg8
23.Qd1 Bg7 24.Ba1 Be5 25.b4 Bxg3 26.hxg3 Nd3 27.Re3 Nxb4 28.Qb3 a5 29.Nd5 Nxd5
30.exd5 e5 31.Qa3 f6 32.f4 Qf8 33.Qb2 Re8 34.Qxb6 Reb8 35.Qc7 Bf5 36.fxe5 fxe5
37.Rxe5 Rc8 38.Qe7 Re8 39.Qxf8+ Kxf8 40.Rxe8+ Kxe8 41.Bc3 Bc2 42.Kf2 Bxa4
43.Ne4 Ke7 44.c5 dxc5 45.d6+ Kf7 46.Nxc5 Bc6 47.g4 a4 48.g5 a3 49.Ke3 a2
50.Ba1 Re8+  0-1

[Event "World Cities"]
[Site "Jakarta "]
[Date "1997.??.??"]
[Round "8"]
[White "Aung Thant Zin"]
[Black "Shneider, Aleksandr"]
[Result "0-1"]
[WhiteElo "2245"]
[BlackElo "2570"]

1.e4 c5 2.Nf3 d6 3.Bb5+ Bd7 4.Bxd7+ Qxd7 5.O-O Nc6 6.c3 Nf6 7.Re1 e6 8.d4 cxd4
9.cxd4 d5 10.e5 Ne4 11.Nbd2 Nxd2 12.Bxd2 Be7 13.Qb3 O-O 14.Qd3 Rac8 15.h4 Nb4
16.Bxb4 Bxb4 17.Ng5 f5 18.Rec1 Be7 19.Nf3 Rc6 20.a3 Rfc8 21.Qd2 Qc7 22.Rxc6 Qxc6
23.g3 Qc2 24.Qxc2 Rxc2 25.Rb1 h6 26.h5 Bg5 27.Ne1 Rc4 28.Nf3 Rc1+ 29.Rxc1 Bxc1
30.b3 Bxa3 31.Kf1 a5 32.Ke2 b5 33.Ne1 Bb2 34.Nf3 a4 35.bxa4 bxa4 36.Kd3 a3
37.Kc2 Kf7 38.Kb3 g5 39.g4 fxg4 40.Ne1 Bxd4 41.Nd3  0-1

[Event "Jarvenpaa We JarvSK"]
[Site "Jarvenpaa"]
[Date "1997.??.??"]
[Round "?"]
[White "Keskisarja, Teemu"]
[Black "Kiltti, Jyrki"]
[Result "1-0"]
[WhiteElo "2315"]
[BlackElo "2225"]

1.e4 c5 2.Nf3 d6 3.Bb5+ Bd7 4.Bxd7+ Qxd7 5.O-O g6 6.c3 Bg7 7.d4 Na6 8.Re1 O-O-O
9.a3 h5 10.b4 h4 11.Be3 Rh5 12.Nbd2 cxd4 13.cxd4 Nc7 14.Rc1 d5 15.Bf4 e5
16.Nxe5 Bxe5 17.Bxe5  1-0

[Event "Juvenil op"]
[Site "?"]
[Date "1997.??.??"]
[Round "7"]
[White "Garrido, Daniel"]
[Black "Sole, JM."]
[Result "0-1"]
[WhiteElo "2285"]
[BlackElo "2135"]

1.e4 c5 2.Nf3 d6 3.Bb5+ Bd7 4.Bxd7+ Nxd7 5.d4 cxd4 6.Qxd4 Ngf6 7.Nc3 g6 8.O-O Bg7
9.Bg5 O-O 10.Rad1 h6 11.Bh4 Qa5 12.Qd2 Rfe8 13.Rfe1 Rac8 14.Nd4 Qb4 15.Nb3 b6
16.Qe3 Qc4 17.f4 Nc5 18.h3 Nxb3 19.axb3 Qc5 20.Qxc5 Rxc5 21.Bf2 Rc7 22.Re2 Rec8
23.Red2 Kh7 24.Bd4 Nh5 25.Bxg7 Kxg7 26.Rf1 a6 27.e5 dxe5 28.fxe5 Ng3 29.Rf3 Nf5
30.g4 Nh4 31.Re3 e6 32.Rd6 Rb7 33.Kf2 g5 34.Ke2 Ng6 35.Kd3 Nf4+ 36.Ke4 b5
37.Rxa6 b4 38.Ne2 Nd5 39.Rd3 Rxc2 40.Nd4 Rxb2 41.Nf5+ exf5+ 42.Kxd5 f4 43.Rc6 Re2
44.Rc4  0-1

[Event "Keres mem rapid"]
[Site "Kalev"]
[Date "1997.??.??"]
[Round "3"]
[White "Liiva, Riho"]
[Black "Andersson, Ulf"]
[Result "1-0"]
[WhiteElo "2415"]
[BlackElo "2655"]

1.e4 c5 2.Nf3 d6 3.Bb5+ Bd7 4.Bxd7+ Qxd7 5.O-O Nc6 6.c4 g6 7.d4 cxd4 8.Nxd4 Bg7
9.Be3 Nf6 10.f3 O-O 11.Nc3 e6 12.Rc1 Rfd8 13.b3 d5 14.exd5 Nxd5  1-0

[Event "Keres mem rapid"]
[Site "Kalev"]
[Date "1997.??.??"]
[Round "7"]
[White "Malisauskas, Vidmantas"]
[Black "Oll, Lembit"]
[Result "1-0"]
[WhiteElo "2530"]
[BlackElo "2625"]

1.e4 c5 2.Nf3 d6 3.Bb5+ Nc6 4.d4 cxd4 5.Qxd4 Bg4 6.Qd3 Nf6 7.Nc3 Nd7 8.Nd4 Nc5
9.Qg3 Bd7 10.Be3 Nxd4 11.Bxd7+ Qxd7 12.Bxd4 Ne6 13.O-O-O Nxd4 14.Rxd4 g6
15.Nd5 Rc8 16.Rd3 Bg7 17.Qh4 h6 18.Kb1 Kf8 19.Rhd1 Rc4 20.f3 Be5 21.Qf2 e6
22.Ne3 Rb4 23.c3 Ra4 24.f4 Bf6 25.Rxd6 Qb5 26.e5 Be7 27.Rd7 Bc5 28.Qh4 g5
29.Qh5 Rh7 30.Rd8+ Ke7 31.R1d7+ Qxd7 32.Rxd7+ Kxd7 33.Qd1+ Kc7 34.Qxa4 Bxe3
35.Qe4  1-0

[Event "Kastel Stari op"]
[Site "Kastel Stari"]
[Date "1997.??.??"]
[Round "3"]
[White "Golubovic, Boris"]
[Black "Palac, Mladen"]
[Result "1/2-1/2"]
[WhiteElo "2450"]
[BlackElo "2595"]

1.e4 c5 2.Nf3 d6 3.Bb5+ Nc6 4.O-O Bd7 5.Re1 Nf6 6.h3 e6 7.b3 Be7 8.Bb2 O-O
9.a4 Qc7 10.Na3 Rfd8 11.Nc4 e5 12.d3 Be6 13.Ne3 Nd4 14.Bc4 h6 15.Bxe6 fxe6
16.Nc4 Rab8 17.c3 Nxf3+ 18.Qxf3 b6 19.d4 cxd4 20.cxd4 exd4 21.Bxd4 e5 22.Bb2 b5
23.axb5 Rxb5 24.Ba3 Rdb8 25.Re3 d5 26.Bxe7 Qxe7 27.exd5 Rxd5 28.Ra5 Rxa5
29.Nxa5 e4 30.Qf5 Rd8 31.Nc4 Rd1+ 32.Kh2 Qc7+ 33.g3 Rd5 34.Qe6+ Qf7 35.Qc8+ Kh7
36.Kg2 Qd7 37.Qxd7 Rxd7 38.Ne5 Rb7 39.g4 Rb5 40.f4 exf3+ 41.Nxf3 Rb4  1/2-1/2

[Event "Kastel Stari op"]
[Site "Kastel Stari"]
[Date "1997.??.??"]
[Round "6"]
[White "Golubovic, Boris"]
[Black "Kozul, Zdenko"]
[Result "0-1"]
[WhiteElo "2450"]
[BlackElo "2590"]

1.e4 c5 2.Nf3 d6 3.Bb5+ Nd7 4.d4 cxd4 5.Qxd4 e5 6.Qd3 h6 7.Nc3 Nf6 8.O-O Be7
9.Be3 O-O 10.Bc4 a6 11.a4 Qc7 12.Nd2 Nc5 13.Bxc5 Qxc5 14.Nd5 Nxd5 15.Bxd5 Rb8
16.Nc4 Be6 17.Rfd1 Bxd5 18.Qxd5 Rfc8 19.b3 Qxd5 20.Rxd5 b5 21.axb5 axb5 22.Ne3 Bg5
23.Nf5 Rxc2 24.Nxd6 Be7 25.h3 Bxd6 26.Rxd6 Re2 27.f3 Rc8 28.Kh2 Rcc2 29.Rg1 Rc3
30.Rd5 Rxf3 31.Rxb5 f6 32.Rb4 Rc3 33.Rd1 Rcc2 34.Rg1 Rb2 35.Kg3 Re3+ 36.Kg4 Kf7
37.h4 Rbe2 38.h5 Rxe4+ 39.Rxe4 Rxe4+ 40.Kf3 Rb4 41.Rb1 f5 42.Ke3 Ke6 43.Kd3 Kd5
44.Kc3 Rg4 45.Rd1+ Kc5 46.Rd3 Rxg2 47.b4+ Kc6 48.Kc4 Rg4+ 49.Kb3 Rg1 50.Rc3+ Kd5
51.Rc5+ Kd6 52.Kc2 f4 53.Kd3 Rd1+ 54.Ke2 Rb1 55.Rb5 e4 56.Rf5 Rb2+  0-1

[Event "Kastel Stari op"]
[Site "Kastel Stari"]
[Date "1997.??.??"]
[Round "8"]
[White "Jovanic, Ognjen"]
[Black "Rezan, Sasa"]
[Result "1-0"]
[WhiteElo "2260"]
[BlackElo "2225"]

1.e4 c5 2.Nf3 d6 3.Bb5+ Bd7 4.Bxd7+ Qxd7 5.c4 e5 6.d3 Nc6 7.Nc3 Nge7 8.Nh4 g6
9.Nd5 Nxd5 10.cxd5 Ne7 11.Bg5 Ng8 12.Nf3 Bg7 13.Nd2 h6 14.Bh4 h5 15.f3 Bh6
16.a4 g5 17.Bg3 Nf6 18.Nc4 g4 19.Bh4 Nh7 20.O-O Rg8 21.Qe1 Nf8 22.fxg4 Qxg4
23.Qf2 Bf4 24.Nxd6+ Kd7 25.Nf5 Nh7 26.Kh1 Ng5 27.g3 Nh3  1-0

[Event "RUS-ch U16"]
[Site "Kazan"]
[Date "1997.??.??"]
[Round "4"]
[White "Sviridov, Alexander"]
[Black "Osadchenko, Andrei"]
[Result "0-1"]
[WhiteElo "2295"]
[BlackElo "2230"]

1.e4 c5 2.Nf3 d6 3.Bb5+ Bd7 4.Bxd7+ Qxd7 5.O-O Nf6 6.Re1 Nc6 7.d4 cxd4 8.Nxd4 e6
9.c4 Be7 10.Nc3 O-O 11.b3 Rfd8 12.Ba3 a6 13.Qd2 Qc7 14.Rad1 Rd7 15.f4 Rad8
16.Kh1 Bf8 17.Qe3 g6 18.h3 Bg7 19.Bb2 h5 20.g3 Nxd4 21.Rxd4 Qc6 22.Kh2 Ne8
23.Rd2 Bh6 24.Ne2 e5 25.Nc3 h4 26.Nd5 hxg3+ 27.Qxg3 Qxd5 28.Rxd5 Bxf4 29.Qxf4 exf4
30.Red1 Re7 31.e5 Rc8 32.Kg1 dxe5 33.Rxe5 Rxe5 34.Bxe5 g5 35.Kf2 f6 36.Bd4 Rd8
37.Ke2 Kf7 38.Bf2 Rxd1 39.Kxd1 f5 40.Ba7 Ke6 41.Ke2 g4 42.Kf2 Ke5 43.h4 Nf6
44.b4 Nh5 45.b5 axb5 46.cxb5 Kd5 47.b6 Kc5  0-1